000 01323nam a22004097a 4500
003 CHAP
005 20220817044317.0
008 100127s2002 cr r 00010 spa d
010 _a97407
011 _a98379
020 _a929039518 4
035 _a109064
040 _cCHAP
090 _aFolleto 17483
100 0 0 _aChavarria, Hugo.
_922043
245 1 0 _aFactores no económicos de la competitividad
_c/por Hugo Chavarría y Sergio Sepulveda
260 _aSan José, C.R.,
_bIICA,
_c2002
300 _a39 p.
490 0 _aCuadernos técnicos
_v; 18
590 _aBATCH-UPD
_b10
_c20130110
_lUCH01
_h1654
590 _aBATCH-UPD
_b10
_c20130410
_lUCH01
_h1043
590 _aBATCH-UPD
_b10
_c20130914
_lUCH01
_h0919
590 _aCONVERSION
_b10
_c20130109
_lUCH01
_h1354
650 1 4 _aAgricultura
_xAspectos económicos.
650 1 4 _aCompetencia.
_926091
650 1 4 _aEmpresas pequeñas.
_936658
650 1 4 _aIndustrias agrícolas.
_957925
650 1 4 _aMedio ambiente.
_974065
650 1 4 _aMercadeo.
_974880
700 0 _aSepúlveda, Sergio.
_9104494
710 0 _aInstituto Interamericano de Cooperación para la Agricultura.
830 0 _aCuadernos técnicos
_v; 18
_929881
901 _aBK
911 _aen proceso
942 _cFOLL
949 _aFolleto 17483
_bBC
_cFOLL
_d33724002127850
_eTS1
_i109064
_sb
999 _c97407
_d97407